000 00792pam a2200253 a 4500
999 _c129310
_d129310
001 2804675
003 ARRUPE
005 20190329110241.0
008 820216s1981 nyua b 001 0 eng
010 _a 82003157
020 _a0684175010
020 _a0684175029 (pbk.)
040 _aDLC
_cDLC
_dDLC
050 0 0 _aQA276.12
_b.R68 1981
082 0 0 _a519.5
_219
100 1 _aRowntree, Derek.
_945554
245 1 0 _aStatistics without tears :
_ba primer for non-mathematicians /
_cDerek Rowntree.
260 _aMiddlesex :
_bPenguin Books,
_cc1981.
300 _a199 p. :
_bill. ;
_c22 cm.
500 _aIncludes index.
504 _aBibliography: p. 191-195.
650 0 _aStatistics.
_945555
906 _a7
_bcbc
_corignew
_d1
_eocip
_f19
_gy-gencatlg
942 _2lcc
_cMONOGRAPH